Statistics for The Eye Quiz

Click here to take the quiz!

General Stats

  • This quiz has been taken 26 times
  • The average score is 8 of 20

Answer Stats

QuestionAnswer% Correct
What is this eye condition called?Heterochromia
91%
The world’s most common eye color is...Brown
74%
Who painted these eyes?Leonardo da Vinci.
74%
Her hair is Harlow gold Her lips a sweet surprise Her hands are never cold She's got ________ eyesBette Davis
57%
Newborn baby tears have a sweet taste.False
52%
Eye transplants are possible.False
48%
Eyes are made up of over 2 million working parts.True
48%
All babies are born with bluish eyes.True
48%
Research has found that a tie tied too tightly can increase the risk of glaucoma in men.True
43%
This kitty as a glass eye. What is the earliest we can date the use of prosthetic eyes?2900 BCE
39%
The first blue-eyed person is said to have lived between___________years ago6,000-10,000
39%
Brown eyes are blue eyes underneath.True
39%
You can improve your vision with eye exercises.False
35%
Superman had X-Ray vision but what was the one material he could not see through?Lead
30%
Where does the phrase ‘it’s all fun and games until someone loses an eye’ come from?Ancient Rome
26%
Sitting very close to the TV can damage your eyes.False
26%
Pirates wore earrings because they believed it improved their eyesight.True
26%
Eyelashes have an average lifespan of ...5 months
22%
How many eyes does a box jellyfish have?24
9%
Which animal has cornea most similar to humans?Shark
0%

Score Distribution

Percentile by Number Answered

Percent of People with Each Score

Your Score History

You have not taken this quiz